[Event "28. Cappelle Open"]
[Site "Cappelle la Grande FRA"]
[Date "2012.03.06"]
[Round "5"]
[White "Sanchez, Joseph"]
[Black "Negi, Parimarjan"]
[Result "0-1"]
[WhiteElo "2526"]
[BlackElo "2639"]
[EventDate "2012.03.03"]

1.e4 c5 2.Nf3 d6 3.d4 cxd4 4.Nxd4 Nf6 5.Nc3 a6 6.Be3 e6 7.f3 b5 8.Qd2 Nbd7
9.g4 b4 10.Nce2 h6 11.c4 bxc3 12.Nxc3 Bb7 13.Bc4 d5 14.exd5 Nb6 15.Bb3 
Nfxd5 16.Nxd5 Bxd5 17.O-O-O Bxb3 18.Nxb3 Nd5 19.Kb1 Bb4 20.Qe2 O-O 21.Bd4 
Be7 22.f4 a5 23.g5 hxg5 24.fxg5 Bxg5 25.Rhg1 Bf6 26.Qh5 Bxd4 27.Rxd4 f5 
28.Qh6 Qf6 29.Rg6 Qe5 30.Rh4 Kf7 31.Qh5 Nf6 32.Qg5 Rg8 33.Rc4 a4 34.Nc5 
Rad8 35.Qg1 Qe2 36.Rc1 Rd2 37.Nxa4 Qe4+ 0-1

[Event "28. Cappelle Open"]
[Site "Cappelle la Grande FRA"]
[Date "2012.03.06"]
[Round "5"]
[White "Fedorchuk, Sergey A"]
[Black "Malakhatko, Vadim"]
[Result "1/2-1/2"]
[WhiteElo "2634"]
[BlackElo "2532"]
[EventDate "2012.03.03"]

1.c4 e6 2.Nf3 d5 3.d4 Nf6 4.Nc3 dxc4 5.e4 Bb4 6.Bg5 c5 7.Bxc4 cxd4 8.Nxd4 
Bxc3+ 9.bxc3 Qa5 10.Bxf6 Qxc3+ 11.Kf1 gxf6 12.Rc1 Qa5 13.Bb5+ Ke7 14.e5 
fxe5 15.Qh5 Nd7 16.Qg5+ Kf8 17.Qh6+ Ke7 18.Qg5+ Kf8 19.Rxc8+ Rxc8 20.Bxd7 
Qd8 21.Nxe6+ fxe6 22.Qh6+ Kf7 23.Qxe6+ Kf8 24.Qh6+ Kf7 25.Qe6+ Kf8 26.Qf5+
Ke7 27.Qe6+ Kf8 1/2-1/2

[Event "28. Cappelle Open"]
[Site "Cappelle la Grande FRA"]
[Date "2012.03.06"]
[Round "5"]
[White "Romanov, Evgeny"]
[Black "Kanep, Meelis"]
[Result "1-0"]
[WhiteElo "2625"]
[BlackElo "2516"]
[EventDate "2012.03.03"]

1.e4 c5 2.b3 b6 3.Bb2 Bb7 4.Nc3 e6 5.Qe2 Nc6 6.O-O-O Nge7 7.f4 d5 8.exd5 
exd5 9.g3 Qd7 10.Bh3 f5 11.Nb5 O-O-O 12.d4 a6 13.dxc5 axb5 14.cxb6 b4 15.
Nf3 Rg8 16.Ng5 Kb8 17.Ne6 Re8 18.Nc5 Qd6 19.Qb5 Rd8 20.Bg2 g5 21.Rhe1 Rg6 
22.a4 bxa3 23.Bxa3 Qf6 24.Bb2 Qd6 25.c4 gxf4 26.cxd5 fxg3 27.Nxb7 Qf4+ 28.
Kb1 1-0

[Event "28. Cappelle Open"]
[Site "Cappelle la Grande FRA"]
[Date "2012.03.06"]
[Round "5"]
[White "Tazbir, Marcin"]
[Black "Andriasian, Zaven"]
[Result "1/2-1/2"]
[WhiteElo "2513"]
[BlackElo "2616"]
[EventDate "2012.03.03"]

1.e4 c5 2.Nf3 d6 3.d4 cxd4 4.Nxd4 Nf6 5.Nc3 a6 6.Be2 g6 7.Bg5 Bg7 8.Qd2 
Nc6 9.Nxc6 bxc6 10.Bh6 Bxh6 11.Qxh6 Qb6 12.Rb1 Bg4 13.Bd3 Be6 14.h3 Rg8 
15.Qd2 g5 16.Be2 h5 17.g3 h4 18.g4 Nd7 19.Na4 Qb7 20.b3 Ne5 21.O-O c5 22.
Qe3 Bd7 23.Nb2 Bc6 24.Nd3 f6 25.f3 a5 26.a3 Bb5 1/2-1/2

[Event "28. Cappelle Open"]
[Site "Cappelle la Grande FRA"]
[Date "2012.03.06"]
[Round "5"]
[White "Kovchan, Alexander"]
[Black "Mekhitarian, Krikor Sevag"]
[Result "0-1"]
[WhiteElo "2598"]
[BlackElo "2512"]
[EventDate "2012.03.03"]

1.e4 e5 2.Nf3 Nc6 3.Nc3 Nf6 4.d4 exd4 5.Nxd4 Bb4 6.Nxc6 bxc6 7.Bd3 O-O 8.
O-O d5 9.exd5 cxd5 10.Qf3 c6 11.h3 Bd6 12.Bf4 Qc7 13.Ne2 Re8 14.c4 Bxf4 
15.Nxf4 dxc4 16.Bc2 Bb7 17.Nh5 Nxh5 18.Qxh5 g6 19.Qf3 c5 20.Qc3 Qc6 21.f3 
Qd6 22.Rad1 Qf4 23.Rfe1 Qg3 24.Kf1 Rad8 25.Rxd8 Rxd8 26.Qf6 Rf8 27.Re7 Bc8
28.Rxa7 Be6 29.h4 Qd6 30.h5 Qd4 31.Qxd4 cxd4 32.Be4 gxh5 33.a4 Rb8 34.Ra8 
Rxa8 35.Bxa8 Kf8 36.a5 Bc8 37.Bd5 Ba6 38.Ke1 Ke7 39.b4 cxb3 40.Bxb3 h4 41.
Bc2 Kd6 42.Bxh7 Kc5 43.Kd2 Bf1 44.Bd3 Bxg2 45.Ke2 Bh3 46.f4 Bg2 47.Kf2 Bc6
48.Be2 Bb5 49.Bh5 f6 50.Kg2 Kb4 51.Kh3 Kxa5 52.Kxh4 Kb4 53.Bg4 Be8 54.Bf5 
Kc3 55.Kg4 Bf7 56.Be4 Be6+ 57.f5 Bf7 58.Kf4 d3 59.Ke3 d2 60.Bf3 Bb3 61.Ke4
d1=Q 62.Bxd1 Bxd1 63.Kd5 Bb3+ 64.Kc5 Kd3 0-1

[Event "28. Cappelle Open"]
[Site "Cappelle la Grande FRA"]
[Date "2012.03.06"]
[Round "5"]
[White "Burmakin, Vladimir"]
[Black "Sveshnikov, Evgeny"]
[Result "1/2-1/2"]
[WhiteElo "2592"]
[BlackElo "2499"]
[EventDate "2012.03.03"]

1.Nf3 d5 2.c4 e6 3.g3 dxc4 4.Qa4+ Bd7 5.Qxc4 c5 6.Ne5 Nc6 7.Nxd7 Qxd7 8.
Bg2 Nf6 9.Qa4 Rc8 10.Nc3 a6 11.O-O Be7 12.d3 O-O 13.Qd1 b5 14.b3 Nd5 15.
Bb2 Bf6 16.Nxd5 Bxb2 17.Nb6 Qc7 18.Nxc8 Bxa1 19.Qxa1 Rxc8 20.Bxc6 Qxc6 
1/2-1/2

[Event "28. Cappelle Open"]
[Site "Cappelle la Grande FRA"]
[Date "2012.03.06"]
[Round "5"]
[White "Lagarde, Maxime"]
[Black "Ramirez Alvarez, Alejandro"]
[Result "1/2-1/2"]
[WhiteElo "2488"]
[BlackElo "2591"]
[EventDate "2012.03.03"]

1.c4 e6 2.Nf3 d5 3.g3 Nf6 4.Bg2 Be7 5.O-O O-O 6.d4 dxc4 7.Qc2 b5 8.a4 b4 
9.Nbd2 b3 10.Qxc4 Ba6 11.Qxb3 Bxe2 12.Re1 Bxf3 13.Nxf3 Nc6 14.a5 Rb8 15.
Qc4 Qd5 16.Qa6 Nb4 17.Qe2 Qb5 18.Ne5 Nfd5 19.Be3 Rfd8 20.Qh5 Qe8 21.Rec1 
Bd6 22.Bd2 c5 23.Bxb4 Nxb4 24.dxc5 Bxe5 25.Qxe5 Nd3 26.Qc3 Nxc1 27.Rxc1 
Qa4 1/2-1/2

[Event "28. Cappelle Open"]
[Site "Cappelle la Grande FRA"]
[Date "2012.03.06"]
[Round "5"]
[White "Horvath, Adam"]
[Black "Nyzhnyk, Illya"]
[Result "1/2-1/2"]
[WhiteElo "2487"]
[BlackElo "2585"]
[EventDate "2012.03.03"]

1.e4 c5 2.Nf3 d6 3.d4 cxd4 4.Nxd4 Nf6 5.Nc3 a6 6.Be3 e5 7.Nf3 Qc7 8.a4 Be7
9.a5 Nbd7 10.Be2 O-O 11.O-O b5 12.axb6 Nxb6 13.Nd2 a5 14.Nb5 Qb8 15.c4 Be6
16.Rc1 Nbd7 17.f3 Rc8 18.Nb1 Nb6 19.N1a3 Nfd7 20.Rc2 Nc5 21.Rd2 Rd8 22.Qc2
Qc8 23.Rfd1 Qc6 24.Nc3 Bf8 25.Nd5 Bd7 26.Nc3 Be6 1/2-1/2

[Event "28. Cappelle Open"]
[Site "Cappelle la Grande FRA"]
[Date "2012.03.06"]
[Round "5"]
[White "Banusz, Tamas"]
[Black "Baryshpolets, Andrey"]
[Result "1-0"]
[WhiteElo "2583"]
[BlackElo "2486"]
[EventDate "2012.03.03"]

1.Nf3 Nf6 2.c4 g6 3.g3 Bg7 4.Bg2 O-O 5.O-O c5 6.Nc3 Nc6 7.d4 cxd4 8.Nxd4 
Ng4 9.Nc2 Bxc3 10.bxc3 Qa5 11.Nb4 Nxb4 12.cxb4 Qxb4 13.h3 Ne5 14.Bh6 Re8 
15.Qd4 Qd6 16.Qxd6 exd6 17.Rac1 Rb8 18.Rfd1 b6 19.Rxd6 Bb7 20.c5 Bxg2 21.
Kxg2 b5 22.Rcd1 Rb7 23.R1d5 a5 24.Rb6 Rxb6 25.cxb6 f6 26.Rxb5 g5 27.b7 Rb8
28.Bxg5 Kf7 29.Be3 1-0

[Event "28. Cappelle Open"]
[Site "Cappelle la Grande FRA"]
[Date "2012.03.06"]
[Round "5"]
[White "Janev, Evgeni"]
[Black "Sokolov, Andrei1"]
[Result "0-1"]
[WhiteElo "2484"]
[BlackElo "2577"]
[EventDate "2012.03.03"]

1.e4 c5 2.Nf3 e6 3.c3 d5 4.exd5 Qxd5 5.d4 Nf6 6.Na3 Nc6 7.Be2 Qd8 8.Nc2 
Be7 9.O-O O-O 10.Ne5 cxd4 11.Nxc6 bxc6 12.Nxd4 Qc7 13.Bf3 Bd7 14.Qc2 h6 
15.c4 Rfe8 16.Be3 e5 17.Nf5 e4 18.Nxe7+ Rxe7 19.Be2 Ng4 20.Bxg4 Bxg4 21.
Qc1 Rd8 22.Bf4 Qa5 23.Re1 Rd3 24.c5 Qb4 25.b3 Qd4 26.Qc4 Qf6 27.Bg3 Rd2 
28.Rac1 Qb2 29.a4 Be2 30.Qc3 Bd3 31.b4 a6 32.h4 Re6 33.Kh2 Rxf2 34.Qxb2 
Rxb2 35.b5 axb5 36.axb5 Rxb5 37.Bf4 Rb2 38.Rcd1 Rc2 39.Be3 Kh7 40.Rd2 Rxd2
41.Bxd2 Re7 42.g4 Re5 43.Be3 h5 44.Rg1 Be2 45.gxh5 Rxh5 46.Kh3 Rd5 47.Kg3 
Rf5 48.Kh2 f6 49.Rg2 Bh5 50.Rf2 Rd5 51.Rd2 Rd3 52.Rxd3 exd3 53.Kg3 Kg6 54.
Kf4 Kf7 55.Ke4 Bg6+ 56.Kf3 Ke6 57.Bf4 Kd5 58.Be3 Bh5+ 59.Kf2 Ke4 60.Bd2 
Be2 61.Bc1 f5 62.Kg3 Kd4 63.Kf4 Kc3 0-1

[Event "28. Cappelle Open"]
[Site "Cappelle la Grande FRA"]
[Date "2012.03.06"]
[Round "5"]
[White "Degraeve, Jean-Marc"]
[Black "Lalic, Bogdan"]
[Result "1/2-1/2"]
[WhiteElo "2569"]
[BlackElo "2469"]
[EventDate "2012.03.03"]

1.e4 c5 2.Nc3 d6 3.f4 g6 4.Nf3 Bg7 5.Bb5+ Bd7 6.Bc4 Nc6 7.d3 Na5 8.O-O Nh6
9.Qe1 Nxc4 10.dxc4 f5 11.e5 O-O 12.e6 Bc6 13.h3 d5 14.cxd5 Bxd5 15.Ng5 Qd6
16.Be3 Bc4 17.Rf3 Qc6 18.Bf2 Rad8 19.b3 Ba6 20.Rd1 b6 21.Rd7 Rxd7 22.exd7 
Qxd7 23.Ne6 Rc8 1/2-1/2

[Event "28. Cappelle Open"]
[Site "Cappelle la Grande FRA"]
[Date "2012.03.06"]
[Round "5"]
[White "Nikcevic, Nebojsa"]
[Black "Popovic, Dusan"]
[Result "1/2-1/2"]
[WhiteElo "2419"]
[BlackElo "2561"]
[EventDate "2012.03.03"]

1.d4 Nf6 2.Nf3 g6 3.c4 Bg7 4.Nc3 d6 5.e4 O-O 6.Be2 e5 7.O-O Nc6 8.d5 Ne7 
9.Bg5 Nh5 10.g3 h6 11.Bd2 f5 12.Nh4 Nf6 13.exf5 g5 14.Ng6 Nxg6 15.fxg6 Bf5
16.Be3 Bxg6 17.Qd2 Qd7 18.c5 a6 19.f3 Rae8 20.Rac1 Qh3 21.cxd6 cxd6 22.Bd3
e4 23.Nxe4 Nxe4 24.Bxe4 Bxe4 25.fxe4 Rxf1+ 26.Rxf1 Rxe4 27.Bf2 Qf5 28.b3 
Kh7 29.Bb6 Qg6 30.Rc1 Re7 31.Bf2 Qf5 32.Qc2 Kg6 33.g4 Qxc2 34.Rxc2 Re5 35.
Rc7 Rxd5 36.Rxb7 Rd1+ 37.Kg2 Rd2 38.Kf3 Rxa2 39.Bg3 Be5 40.Bxe5 dxe5 41.
Rb6+ Kg7 42.Ke4 Rxh2 1/2-1/2

[Event "28. Cappelle Open"]
[Site "Cappelle la Grande FRA"]
[Date "2012.03.06"]
[Round "5"]
[White "Mirzoev, Azer"]
[Black "Rombaldoni, Axel"]
[Result "1/2-1/2"]
[WhiteElo "2560"]
[BlackElo "2464"]
[EventDate "2012.03.03"]

1.d4 Nf6 2.Nf3 g6 3.Nbd2 d5 4.e3 Bg7 5.c4 O-O 6.Be2 a5 7.O-O Nc6 8.cxd5 
Nxd5 9.Nc4 Bf5 10.a3 a4 11.Bd2 Nf6 12.Rc1 Ne4 13.Bc3 Qd5 14.Ncd2 Nxc3 15.
Rxc3 e5 16.Rc5 Qd7 17.d5 Qd6 18.Qc1 e4 19.Ng5 Na5 20.Ngxe4 Bxe4 21.Nxe4 
Qe5 22.Qc2 Qxb2 23.Rxc7 Qxa3 24.Rb1 Be5 25.d6 Bxd6 26.Rc3 Nb3 27.Bc4 Be5 
28.Bxb3 axb3 29.Rcxb3 Qa4 30.Ng3 Rfc8 31.Qd3 Rd8 32.Qb5 Bxg3 33.hxg3 Qg4 
34.Rd3 Rac8 1/2-1/2

[Event "28. Cappelle Open"]
[Site "Cappelle la Grande FRA"]
[Date "2012.03.06"]
[Round "5"]
[White "Franklin, Samuel G A"]
[Black "Brodsky, Michail"]
[Result "0-1"]
[WhiteElo "2187"]
[BlackElo "2558"]
[EventDate "2012.03.03"]

1.e4 c6 2.c4 d5 3.exd5 Nf6 4.Nc3 cxd5 5.cxd5 Nxd5 6.Nf3 Nxc3 7.bxc3 g6 8.
Bb5+ Bd7 9.a4 Bg7 10.d4 O-O 11.O-O Nc6 12.Re1 Rc8 13.Ba3 Re8 14.Ng5 h6 15.
Ne4 a6 16.Bd3 Na5 17.Rb1 Bc6 18.Bb4 Bd5 19.h4 h5 20.Rb2 Nc4 21.Bxc4 Bxc4 
22.Qf3 Bd5 23.Qg3 b6 24.Rbe2 a5 25.Ba3 Qd7 26.Qg5 Bxe4 27.Rxe4 e6 28.R4e3 
Qxa4 29.Bd6 Qb3 30.g4 Rxc3 31.gxh5 Rxe3 32.fxe3 Qd5 33.Qxd5 exd5 34.hxg6 
fxg6 35.Bc7 Bxd4 36.Rd1 Bxe3+ 37.Kg2 Rc8 0-1

[Event "28. Cappelle Open"]
[Site "Cappelle la Grande FRA"]
[Date "2012.03.07"]
[Round "6"]
[White "Harikrishna, Pendyala"]
[Black "Amin, Bassem"]
[Result "1/2-1/2"]
[WhiteElo "2678"]
[BlackElo "2608"]
[EventDate "2012.03.03"]

1.e4 e5 2.Nf3 Nc6 3.Bc4 Nf6 4.d3 Bc5 5.O-O d6 6.c3 O-O 7.Bb3 a6 8.Nbd2 Ba7
9.h3 Nh5 10.Re1 Qf6 11.Nf1 Qg6 12.Nh4 Qf6 13.Nf3 Qg6 14.Nh4 Qf6 15.Nf5 
Bxf5 16.exf5 Qxf5 17.d4 exd4 18.g4 Qg6 19.Kh1 Rae8 20.gxh5 Qf5 21.Kg2 dxc3
22.Be3 cxb2 23.Rb1 Bxe3 24.Nxe3 Qe4+ 25.Qf3 Qxf3+ 26.Kxf3 Ne5+ 27.Ke2 c6 
28.Rxb2 d5 29.Rd1 Re6 30.Kf1 g6 31.hxg6 hxg6 32.a4 b5 33.axb5 axb5 34.Re2 
Rfe8 35.Nc2 Nf3 36.Re3 Ng5 37.Rxe6 Rxe6 38.Nd4 Rf6 39.Kg2 Ne6 40.Ne2 Nf4+ 
41.Nxf4 Rxf4 42.Ra1 Rb4 43.Bd1 c5 44.Ra8+ Kg7 45.Rc8 c4 46.Rd8 c3 47.Rxd5 
Rb1 48.Bc2 Rb2 49.Bd1 Rb1 50.Bc2 1/2-1/2

[Event "28. Cappelle Open"]
[Site "Cappelle la Grande FRA"]
[Date "2012.03.07"]
[Round "6"]
[White "Petrosian, Tigran L"]
[Black "Sandipan, Chanda"]
[Result "1/2-1/2"]
[WhiteElo "2643"]
[BlackElo "2595"]
[EventDate "2012.03.03"]

1.Nf3 d5 2.g3 c6 3.Bg2 Nf6 4.O-O Bf5 5.d3 h6 6.c4 dxc4 7.dxc4 Qxd1 8.Rxd1 
Nbd7 9.Nc3 e5 10.b3 Bb4 11.Bb2 O-O 12.Rac1 Rfe8 13.Nh4 Bg4 14.h3 Bxc3 15.
Bxc3 Bxe2 16.Rd2 Bh5 17.Nf5 Rab8 18.Bb4 Kh7 19.Nd6 Re6 20.h4 e4 21.Nxe4 
Rbe8 22.Nxf6+ Nxf6 23.f3 Re2 24.Kf1 Rxd2 25.Bxd2 Bg6 26.Kf2 Nd7 27.Bf1 Nc5
28.Rc3 Rd8 29.Be3 Nd3+ 30.Kg1 Nb4 31.Bxa7 Nxa2 32.Re3 Nc1 33.b4 1/2-1/2

[Event "28. Cappelle Open"]
[Site "Cappelle la Grande FRA"]
[Date "2012.03.07"]
[Round "6"]
[White "Lysyj, Igor"]
[Black "Arutinian, David"]
[Result "1-0"]
[WhiteElo "2656"]
[BlackElo "2553"]
[EventDate "2012.03.03"]

1.d4 Nf6 2.c4 e6 3.Nf3 Bb4+ 4.Bd2 Bxd2+ 5.Qxd2 d5 6.Nc3 O-O 7.e3 Qe7 8.
cxd5 exd5 9.Bd3 Nc6 10.h3 Rd8 11.a3 Ne4 12.Qc2 Bf5 13.O-O Rd6 14.Nd2 Nxd2 
15.Qxd2 Bxd3 16.Qxd3 Qd7 17.b4 Ne7 18.Rfc1 a6 19.a4 Rg6 20.Ne2 Rc6 21.Rc5 
Rd6 22.Rac1 c6 23.b5 axb5 24.axb5 g6 25.Qb3 Rc8 26.Nf4 b6 27.bxc6 Rdxc6 
28.Rxc6 Rxc6 29.Rb1 Kg7 30.Nd3 Qc7 31.Qb2 Rc3 32.Nf4 Rc6 33.g3 Qc8 34.Qb5 
Qf5 35.Qd3 Qc8 36.Kg2 h5 37.Rb3 Kh6 38.Qe2 Kg7 39.Qf3 Rf6 40.Rb5 Kh6 41.
Qd1 Qc4 42.Qb1 Qc6 43.Qb3 Rd6 44.Nd3 Kg7 45.Ne5 Qc7 46.Qb1 f6 47.Nd3 g5 
48.Qb3 Qc6 49.Rb4 Qc7 50.Qd1 Kh6 51.h4 Ng6 52.hxg5+ fxg5 53.Qf3 Qd8 54.Rb5
Kg7 55.Ne5 Qe8 56.Nxg6 Qxb5 57.Qf8+ Kxg6 58.Qxd6+ Kf7 59.Qh6 Qb1 60.Qxg5 
Qe4+ 61.f3 Qc2+ 62.Kh3 Qc8+ 63.Kg2 Qc2+ 64.Kh3 Qc8+ 65.g4 hxg4+ 66.fxg4 
Qe6 67.Qf4+ Kg6 68.Kg3 b5 69.Kf2 b4 70.Qb8 Kg5 71.Qxb4 Qf7+ 72.Ke2 Kxg4 
73.Qe1 Qf3+ 74.Kd2 Kf5 75.Qb1+ Kg5 76.Qg1+ Kf5 77.Qh2 Kg5 78.Qe5+ Kg4 79.
Kc3 Kh3 80.Kb4 Qe2 81.Kc5 Qc4+ 82.Kd6 Qb3 83.Qxd5 Qa3+ 84.Kd7 Qa7+ 85.Ke6 
Qb6+ 86.Ke7 Qb4+ 87.Qd6 Qb3 1-0

[Event "28. Cappelle Open"]
[Site "Cappelle la Grande FRA"]
[Date "2012.03.07"]
[Round "6"]
[White "Negi, Parimarjan"]
[Black "Maiorov, Nikita BLR"]
[Result "1-0"]
[WhiteElo "2639"]
[BlackElo "2552"]
[EventDate "2012.03.03"]

1.e4 e5 2.Nf3 Nc6 3.d4 exd4 4.Nxd4 Bc5 5.Nb3 Bb6 6.Nc3 d6 7.Qe2 Nge7 8.Be3
O-O 9.O-O-O f5 10.f4 fxe4 11.g3 Nf5 12.Bxb6 axb6 13.Kb1 e3 14.Bg2 Kh8 15.
Be4 Qe7 16.Rhe1 Nb4 17.a3 Na6 18.g4 Nh6 19.Bf3 c6 20.Rd3 Qh4 21.f5 d5 22.
Rxe3 Bd7 23.Na4 Qd8 24.Re7 Re8 25.Rxe8+ Bxe8 26.Qe7 b5 27.Nac5 Nxc5 28.
Nxc5 b6 29.Qxd8 Rxd8 30.Nb7 Rb8 31.Nd6 Bf7 32.Re7 Kg8 33.g5 Rd8 34.Nb7 
Nxf5 35.Rxf7 Rf8 36.Rxf8+ Kxf8 37.Bg4 Ne3 38.Bd7 c5 39.Nd6 Nf1 40.Bxb5 
Nxh2 41.Be2 1-0

[Event "28. Cappelle Open"]
[Site "Cappelle la Grande FRA"]
[Date "2012.03.07"]
[Round "6"]
[White "Dgebuadze, Alexandre"]
[Black "Romanov, Evgeny"]
[Result "1/2-1/2"]
[WhiteElo "2548"]
[BlackElo "2625"]
[EventDate "2012.03.03"]

1.e4 c5 2.Nf3 e6 3.d4 cxd4 4.Nxd4 a6 5.Bd3 d5 6.exd5 Qxd5 7.O-O Nd7 8.Nf3 
Ngf6 9.Nc3 Qa5 10.Re1 Be7 11.Bg5 Qc7 12.Qd2 O-O 13.Rad1 b5 14.Bf4 Qb6 15.
Be3 Qc7 16.Bf4 Qb6 17.Be3 Qc7 18.Bf4 1/2-1/2

[Event "28. Cappelle Open"]
[Site "Cappelle la Grande FRA"]
[Date "2012.03.07"]
[Round "6"]
[White "Cornette, Matthieu"]
[Black "Banusz, Tamas"]
[Result "1/2-1/2"]
[WhiteElo "2545"]
[BlackElo "2583"]
[EventDate "2012.03.03"]

1.Nf3 Nf6 2.c4 e6 3.g3 d5 4.Bg2 Be7 5.O-O O-O 6.d4 c6 7.Nc3 Nbd7 8.Qd3 b6 
9.Rd1 a5 10.b3 Ba6 11.Bb2 b5 12.cxb5 cxb5 13.Nxb5 Qb6 14.a4 Rfb8 15.Rdc1 
Bf8 16.Nd2 Bxb5 17.axb5 Qxb5 18.Qxb5 Rxb5 19.Bc3 Bb4 20.e3 Kf8 21.Bxb4+ 
1/2-1/2

[Event "28. Cappelle Open"]
[Site "Cappelle la Grande FRA"]
[Date "2012.03.07"]
[Round "6"]
[White "Sokolov, Andrei1"]
[Black "Neverov, V"]
[Result "1-0"]
[WhiteElo "2577"]
[BlackElo "2544"]
[EventDate "2012.03.03"]

1.e4 e5 2.Nf3 Nc6 3.Bb5 a6 4.Ba4 Nf6 5.O-O Be7 6.Re1 b5 7.Bb3 d6 8.c3 O-O 
9.h3 Nb8 10.d4 Nbd7 11.Nbd2 Bb7 12.Bc2 Re8 13.a4 Bf8 14.Bd3 c6 15.b3 Qc7 
16.Qc2 Nh5 17.Nf1 h6 18.Bd2 Rac8 19.Qa2 Qd8 20.b4 Nb6 21.a5 Nd7 22.Rad1 
Qf6 23.Bc2 Nf4 24.Bxf4 Qxf4 25.Ng3 Qf6 26.Bb3 exd4 27.cxd4 d5 28.e5 Qd8 
29.Qd2 g6 30.Bc2 Bg7 31.Nh2 Nf8 32.Ng4 Qh4 33.Ne2 Rc7 34.f4 Bc8 35.Nh2 f5 
36.Nf3 Qd8 37.Nc1 Rf7 38.Nd3 Ne6 39.Bb3 h5 40.Nc5 Bh6 41.Nxe6 Rxe6 42.Rf1 
Ree7 43.Rf2 Rc7 44.Bc2 Bf8 45.Ne1 Rh7 46.Nd3 Rcg7 47.Rc1 h4 48.Bb3 Rc7 49.
Qe3 Be6 50.Rfc2 Qe8 51.Nc5 Bc8 52.Nxa6 Bxa6 53.Bxd5+ Kh8 54.Bxc6 Qe7 55.d5
Qxb4 56.d6 Ra7 57.d7 Raxd7 58.Bxd7 Rxd7 59.Qb6 Qd4+ 60.Qxd4 Rxd4 61.Rc6 
Bb7 62.Rb6 1-0

[Event "28. Cappelle Open"]
[Site "Cappelle la Grande FRA"]
[Date "2012.03.07"]
[Round "6"]
[White "Brodsky, Michail"]
[Black "Kharitonov, Alexandr"]
[Result "1/2-1/2"]
[WhiteElo "2558"]
[BlackElo "2542"]
[EventDate "2012.03.03"]

1.d4 d5 2.c4 c6 3.Nc3 Nf6 4.e3 e6 5.Nf3 Nbd7 6.Bd3 dxc4 7.Bxc4 b5 8.Bd3 
Bd6 9.Bd2 Bb7 10.Rc1 O-O 11.O-O Rc8 12.a3 a5 13.e4 e5 14.dxe5 Nxe5 15.Nxe5
Bxe5 16.Qe2 Re8 17.Rfd1 Qd6 18.g3 Qe6 19.f3 h5 20.Be3 h4 21.g4 Nh7 22.g5 
1/2-1/2

[Event "28. Cappelle Open"]
[Site "Cappelle la Grande FRA"]
[Date "2012.03.07"]
[Round "6"]
[White "Mekhitarian, Krikor Sevag"]
[Black "Tomczak, Jacek"]
[Result "0-1"]
[WhiteElo "2512"]
[BlackElo "2555"]
[EventDate "2012.03.03"]

1.d4 Nf6 2.c4 g6 3.Nc3 d5 4.Nf3 Bg7 5.Bf4 O-O 6.e3 c5 7.dxc5 Na6 8.cxd5 
Nxc5 9.Bc4 a6 10.O-O b5 11.b4 Nce4 12.Nxe4 Nxe4 13.Bb3 Bb7 14.Be5 Nc3 15.
Qd2 Nxd5 16.Bxg7 Kxg7 17.Rac1 Nf6 18.Qxd8 Rfxd8 19.Rc7 Bxf3 20.gxf3 Kf8 
21.Rfc1 Ne8 22.Rb7 Rdc8 23.Rxc8 Rxc8 24.Rb6 Rc1+ 25.Kg2 Nc7 26.Rb8+ Kg7 
27.Rc8 e6 28.f4 Kf6 29.Kf3 Ke7 30.Ke2 Kd7 31.Rf8 Ke7 32.Rc8 Kd7 33.Rh8 h5 
34.f5 gxf5 35.Rxh5 Ne8 36.Rh4 Nf6 37.Rh8 Rh1 38.f3 Kc6 39.Rc8+ Kd6 40.Rd8+
Nd7 41.Rh8 Ne5 42.f4 Ng4 43.h3 Rh2+ 44.Kf3 Nf6 45.Kg3 Re2 46.Kf3 Rh2 47.
Kg3 Rb2 48.Ra8 Ne4+ 49.Kh4 Ke7 50.Rxa6 Re2 51.Bd1 Rxe3 52.Ra7+ Kd6 53.Rxf7
Nf2 54.Bb3 Rxh3+ 55.Kg5 Rg3+ 56.Kh6 Nd3 57.Rb7 Nxf4 58.Rxb5 Ke7 59.Rb8 Kf7
60.b5 Rg6+ 61.Kh7 Rg5 62.Rb7+ Kf6 63.Rb6 Rg7+ 64.Kh6 Rg8 65.Rb7 Rg2 66.Kh7
Ng6 0-1

[Event "28. Cappelle Open"]
[Site "Cappelle la Grande FRA"]
[Date "2012.03.07"]
[Round "6"]
[White "Gharamian, Tigran"]
[Black "Girard, Eric"]
[Result "1-0"]
[WhiteElo "2671"]
[BlackElo "2158"]
[EventDate "2012.03.03"]

1.d4 e6 2.Nf3 f5 3.g3 Nf6 4.Bg2 d5 5.O-O Bd6 6.c4 c6 7.Nc3 O-O 8.Qc2 Ne4 
9.Nxe4 fxe4 10.Ne1 Nd7 11.f3 exf3 12.Nxf3 Nf6 13.Ng5 Qe7 14.e4 dxe4 15.
Nxe4 Nxe4 16.Rxf8+ Qxf8 17.Bxe4 e5 18.Bxh7+ Kh8 19.Bd3 Bh3 20.Qe2 Qf7 21.
Qe4 Qh5 22.Be2 Rf8 23.c5 Be7 24.Bf4 Bg4 25.Bxg4 Qxg4 26.Qxe5 Bf6 27.Qe3 
Rd8 28.Be5 Bxe5 29.dxe5 Rd1+ 30.Rxd1 Qxd1+ 31.Kg2 Qc2+ 32.Kh3 Qh7+ 33.Kg4 
Qg6+ 34.Kf3 Qf5+ 35.Qf4 Qd3+ 36.Kg4 Qg6+ 37.Qg5 Qe4+ 38.Kh3 Kg8 39.Qd8+ 
Kf7 40.Qd7+ Kg8 41.Qe6+ Kh8 42.Qe8+ Kh7 43.Qh5+ Kg8 44.b3 Kf8 45.Qg5 Kg8 
46.Qd8+ Kf7 47.Qd7+ Kg8 48.e6 Qh7+ 49.Kg2 Qc2+ 50.Kf3 Qf5+ 51.Ke2 Qc2+ 52.
Qd2 Qxc5 53.Qd8+ Kh7 54.e7 Qc2+ 55.Ke3 Qc1+ 56.Ke4 Qe1+ 57.Kf5 g6+ 58.Kf6 
Qf1+ 59.Ke6 Qf5+ 60.Kd6 Qd5+ 61.Kc7 1-0

[Event "28. Cappelle Open"]
[Site "Cappelle la Grande FRA"]
[Date "2012.03.07"]
[Round "6"]
[White "Vovk, Andrey"]
[Black "Fedorchuk, Sergey A"]
[Result "1-0"]
[WhiteElo "2540"]
[BlackElo "2634"]
[EventDate "2012.03.03"]

1.e4 e5 2.Nf3 Nc6 3.Bb5 a6 4.Ba4 d6 5.c4 Bg4 6.h3 Bxf3 7.Qxf3 Nf6 8.Nc3 
Nd7 9.Ne2 Be7 10.O-O O-O 11.Rb1 Bg5 12.b4 Re8 13.Qg4 a5 14.Bxc6 bxc6 15.b5
cxb5 16.cxb5 Rc8 17.Nc3 c6 18.a4 Bh6 19.Qe2 Nc5 20.bxc6 Rxc6 21.Nd5 Ne6 
22.Bb2 Nf4 23.Nxf4 Bxf4 24.Bc3 d5 25.exd5 Qxd5 26.g3 Rg6 27.Kh2 h5 28.Rb5 
Qc6 29.Qxh5 Rd8 30.Qe2 Bxd2 31.Bxd2 Qc2 32.Rd1 e4 33.Re5 f5 34.Rxf5 e3 35.
Bxe3 Qxe2 36.Rxd8+ Kh7 37.Rdd5 Re6 38.Bd4 Qd1 39.Bxg7 Qxa4 40.Rxa5 Qc6 41.
Be5 Qb6 42.Rd5 Qc6 43.Bd4 Re1 44.Rh5+ Kg6 45.Rdg5+ 1-0

[Event "28. Cappelle Open"]
[Site "Cappelle la Grande FRA"]
[Date "2012.03.07"]
[Round "6"]
[White "Andriasian, Zaven"]
[Black "Jojua, Davit"]
[Result "1/2-1/2"]
[WhiteElo "2616"]
[BlackElo "2507"]
[EventDate "2012.03.03"]

1.e4 c6 2.d4 d5 3.e5 c5 4.dxc5 Nc6 5.Bf4 e6 6.Nd2 Nge7 7.Ngf3 Ng6 8.Bg3 
Bxc5 9.Bd3 Nd4 10.Nxd4 Bxd4 11.c3 Bc5 12.h4 f5 13.Nb3 Be7 14.h5 Nf8 15.Nd4
Bd7 16.f4 g5 17.hxg6 Nxg6 18.Rh5 Bc5 19.Qd2 Bxd4 20.cxd4 Qb6 21.Bf2 Bb5 
22.Bc2 O-O-O 23.Be3 Kb8 24.Kf2 Rc8 25.Rah1 Rc7 26.Bb1 Be8 27.Rh6 Rg7 28.b3
Ne7 29.Bd3 Rhg8 30.Bf1 Bg6 31.Be2 1/2-1/2

[Event "28. Cappelle Open"]
[Site "Cappelle la Grande FRA"]
[Date "2012.03.07"]
[Round "6"]
[White "Fier, Alexandr"]
[Black "Tazbir, Marcin"]
[Result "1/2-1/2"]
[WhiteElo "2599"]
[BlackElo "2513"]
[EventDate "2012.03.03"]

1.d4 Nf6 2.c4 g6 3.Nc3 d5 4.cxd5 Nxd5 5.e4 Nxc3 6.bxc3 Bg7 7.Bc4 c5 8.Ne2 
O-O 9.O-O Nc6 10.Be3 e6 11.Qd2 Qa5 12.Qb2 Rd8 13.Rfd1 cxd4 14.cxd4 Qb4 15.
Qxb4 Nxb4 16.Rab1 Nc6 17.Bg5 Rd6 18.d5 exd5 19.Bxd5 Rd7 20.h4 Ne7 21.Rxb7 
Rxb7 22.Bxe7 Rd7 23.Rb1 Rxe7 24.Bxa8 Be5 25.Bd5 Ba6 26.Ng3 Rc7 27.Bb3 Bd3 
28.Rd1 Bxg3 29.Rxd3 Bxh4 30.g3 Be7 31.f4 h5 32.e5 Kg7 33.Kg2 Bb4 34.Rd8 
Be1 35.Rd1 Ba5 36.Kf3 Bb6 37.Rd3 Ba5 38.Ke4 Be1 39.f5 gxf5+ 40.Kxf5 h4 41.
g4 Bg3 42.g5 Rc1 43.e6 Rc5+ 44.Kg4 fxe6 45.Bxe6 Kg6 46.Bd5 a5 47.Be4+ Kf7 
48.Bf5 Rc4+ 49.Kh5 Rc5 50.Rf3 Kg7 51.Be6 Rc7 52.Rd3 Re7 53.Bb3 Bc7 54.Kxh4
Kg6 55.Rd4 Re2 56.Rd7 Rh2+ 57.Kg4 Rg2+ 58.Kf3 Rg3+ 59.Kf2 Rc3 60.Rd5 Rc5 
61.Rxc5 Bb6 62.Kf3 1/2-1/2

[Event "28. Cappelle Open"]
[Site "Cappelle la Grande FRA"]
[Date "2012.03.07"]
[Round "6"]
[White "Malakhatko, Vadim"]
[Black "Burmakin, Vladimir"]
[Result "1/2-1/2"]
[WhiteElo "2532"]
[BlackElo "2592"]
[EventDate "2012.03.03"]

1.d4 c6 2.c4 Nf6 3.Nc3 d5 4.e3 g6 5.Nf3 Bg7 6.Be2 O-O 7.O-O a6 8.cxd5 cxd5
9.Ne5 b6 10.Qb3 Bb7 11.Bd2 Nc6 12.Nxc6 Bxc6 13.Rfc1 Qd7 14.Be1 Rfb8 15.a4 
Ne8 16.Rc2 e6 17.Rac1 Nd6 18.Qa2 Rc8 19.b3 a5 20.Bf1 1/2-1/2

[Event "28. Cappelle Open"]
[Site "Cappelle la Grande FRA"]
[Date "2012.03.07"]
[Round "6"]
[White "Ramirez Alvarez, Alejandro"]
[Black "Horvath, Adam"]
[Result "1-0"]
[WhiteElo "2591"]
[BlackElo "2487"]
[EventDate "2012.03.03"]

1.d4 Nf6 2.c4 e6 3.Nf3 d5 4.Nc3 dxc4 5.e4 Bb4 6.Bg5 c5 7.Bxc4 cxd4 8.Nxd4 
Qa5 9.Bb5+ Bd7 10.Bxf6 Bxc3+ 11.bxc3 gxf6 12.Bxd7+ Nxd7 13.O-O a6 14.Rb1 
Qc7 15.Qh5 Qe5 16.Qh4 O-O-O 17.Rb4 Qg5 18.Qh3 Qd2 19.Rfb1 Nc5 20.Rc4 b6 
21.Qh5 Rd7 22.Rcb4 Rb7 23.Rxb6 Qxc3 24.Rxb7 Nxb7 25.Qxf7 1-0